Welcome to the Holygrace Academy Library

Please use search bar below to get started

MICKY MOUSE AND THE RANCH (Record no. 5127)

MARC details
000 -LEADER
fixed length control field 00290nam a22001337a 4500
082 ## - DEWEY DECIMAL CLASSIFICATION NUMBER
Classification number 823
Item number DIS/M
100 ## - MAIN ENTRY--AUTHOR NAME
Personal name DISNEY
245 ## - TITLE STATEMENT
Title MICKY MOUSE AND THE RANCH
260 ## - PUBLICATION, DISTRIBUTION, ETC. (IMPRINT)
Place of publication UK
Name of publisher DISNEY
300 ## - PHYSICAL DESCRIPTION
Number of Pages 32
520 ## - SUMMARY, ETC.
Summary, etc ENGLISH SHORT STORIES
650 ## - SUBJECT ADDED ENTRY--TOPICAL TERM
Topical Term ENGLISH SHORT STORIES
Geographic subdivision UK
942 ## - ADDED ENTRY ELEMENTS (KOHA)
Koha item type Books
Holdings
Withdrawn status Lost status Collection code Home library Current library Shelving location Date acquired Source of acquisition Full call number Accession Number Koha item type
    Fiction Main Library Main Library SHELF 3- I- ENGLISH CHILDRENS LITERATURE &MYTHOLOGY 06/11/2012 PURCHASE 823 DIS/M 06475 Books